| 000 | 00628nam a2200169 a 4500 | ||
|---|---|---|---|
| 001 | 000027350 | ||
| 005 | 20200930030754.0 | ||
| 008 | 110331s2002 dr a 000 0 spa d | ||
| 040 |
_aDO-SdBNP _bspa _cBNPHU |
||
| 100 | 1 |
_aCorrea, Vicente _922970 |
|
| 245 | 1 | 0 |
_aCrónicas del doctor Correa : _bvivencias y anécdotas de un médico en el campo y la ciudad / _cVicente Correa ; prólogo Armando Almánzar R. |
| 260 |
_aSanto Domingo : _bMediabyte, _c2002. |
||
| 300 |
_a248 p. :. : _bils. ; _c24 cm. |
||
| 500 | _aIncluye datos biográficos del autor en las solapas | ||
| 700 | 1 |
_aAlmánzar, Armando, _epról. _937880 |
|
| 049 | _aBNPD | ||
| 999 |
_c26842 _d26842 |
||